[Event "Dapitan Jalosjos Cup"]
[White "Torena, Clyde Jared"]
[Black "Daggung, Abdulkalip"]
[Site "Dapitan"]
[Round "1"]
[Result "0-1"]
[Date "2024.06.23"]
[WhiteElo "1565"]
[BlackElo "1963"]
[PlyCount "97"]
[EventDate "2024.06.23"]
[EventType "swiss (rapid)"]
[EventRounds "9"]
[EventCountry "PHI"]
[SourceTitle "EXT 2025"]
[Source "ChessBase"]
[SourceDate "2024.10.14"]
[SourceVersion "1"]
[SourceVersionDate "2024.10.14"]
[SourceQuality "1"]

1. e4 c5 2. d4 cxd4 3. c3 d3 4. Bxd3 Nc6 5. c4 Qc7 6. Nc3 e6 7. Nf3 Nf6 8. 0-0 a6 9. Re1 Ng4 10. b3 Bc5 11. Re2 Nd4 12. Rd2 Nxf3+ 13. Qxf3 Qxh2+ 14. Kf1 Qh4 15. Qh3 Bxf2 16. Qxh4 Bxh4 17. Be2 Ne3+ 18. Kg1 f5 19. e5 0-0 20. Ba3 Rf7 21. Na4 Bg5 22. Rb2 Ng4 23. Bxg4 fxg4 24. Re1 b5 25. Nb6 Rb8 26. Nxc8 Rxc8 27. c5 g3 28. Rbe2 h5 29. b4 Rf4 30. Bc1 Rg4 31. Bxg5 Rxg5 32. Rd2 Rd8 33. c6 Rc8 34. cxd7 Rd8 35. Rd6 Kf7 36. Rxa6 Rxd7 37. Rf1+ Ke7 38. Re1 Rd5 39. Ra7+ Kf8 40. Ra8+ Kf7 41. Rf1+ Kg6 42. Ra3 Rdxe5 43. Raf3 Re2 44. a3 h4 45. Rf4 Kh5 46. Rf8 Rd5 47. R1f7 Rd1+ 48. Rf1 Rdd2 49. Rh8+ 0-1